Cuentos del cero / (Registro nro. 14758)

Detalles MARC
000 -LIDER
fixed length control field 01042nam a2200361 c 4500
001 - NÚMERO DE CONTROL
Identificador de número de control
003 - IDENTIFICACDOR DE NÚMERO DE CONTROL
control field DO-SdBNP
005 - DATE AND TIME OF LATEST TRANSACTION
control field 20240730120611.0
008 - ELEMENTOS DE LONGITUD FIJA
fixed length control field 170403s2006 sp a| 000 1 spa
020 ## - ISBN
International Standard Book Number 9788496566187
040 ## - FUENTE DE CATALOGACIÓN
Agencia que crea de manera original el registro BPMSU
Idioma de catalogación spa
Agencia que realiza la transcripción BPMSU
Convenciones de la despripción
080 ## - NÚMERO DE CLASIFICACIÓN DECIMAL UNIVERSAL
Universal Decimal Classification number
082 ## - NÚMERO DE CLASIFICACIÓN DECIMAL DE DEWEY
Classification number 863.6
Item number B173c 2006
Edition number 22
100 1# - ASIENTO PRINCIPAL -- NOMBRE PERSONAL
Nombre personal Balbuena, Luis
Fechas asociadas con el nombre 1945-
Authority record control number
245 10 - MENCIÓN DE TITULO
Título Cuentos del cero /
Mención de responsabilidad Luis Balbuena Castellano
260 ## - PUBLICACIÓN, DISTRIBUCIÓN, ETC. (PIE DE IMPRENTA)
Lugar de publicación, distribución, etc Madrid :
Nombre del editor, distribuidor, etc. Nivola Libros y Ediciones,
Fecha de publicación, distribución, etc 2006
300 ## - DESCRIPCIÓN FÍSICA
Extensión 93 p.:
Otros detalles físicos il. ;
Dimensiones 21 cm
336 ## - CONTENT TYPE
Content type term Texto (visual)
Source isbdcontent
337 ## - MEDIA TYPE
Media type term sin mediación
Source isbdmedia
490 0# - MENCIÓN DE SERIES
Mención de serie Violeta,
Volume/sequential designation 10
521 ## - TARGET AUDIENCE NOTE
Target audience note Recomendado a partir de 11 años.
590 ## - NOTA LOCAL
Texto de la nota local Inventariado, 2024/VM
Enlace
648 ## - SUBJECT ADDED ENTRY--CHRONOLOGICAL TERM
Chronological term
650 #4 - ENCABEZAMIENTO DE MATERIA--TEMÁTICO
Término temático o nombre geográfico como elemento de entrada Cuentos infantiles españoles
650 #4 - ENCABEZAMIENTO DE MATERIA--TEMÁTICO
Término temático o nombre geográfico como elemento de entrada Geometría
Subdivisión de forma Cuentos infantiles
650 #4 - ENCABEZAMIENTO DE MATERIA--TEMÁTICO
Término temático o nombre geográfico como elemento de entrada Matemáticas recreativas
655 #7 - INDEX TERM--GENRE/FORM
Genre/form data or focus term Libros infantiles
Source of term tgfbne
655 #4 - INDEX TERM--GENRE/FORM
Genre/form data or focus term Libros ilustrados
Source of term
655 #4 - INDEX TERM--GENRE/FORM
Source of term
910 ## - VALIDACIÓN
Validación VMateo V.Control de calidad. BPMSU
942 ## - ADDED ENTRY ELEMENTS (KOHA)
Source of classification or shelving scheme Dewey Decimal Classification
Koha item type Libros
956 ## - LOCAL ELECTRONIC LOCATION AND ACCESS (OCLC)
Nombre de host
Existencias
Withdrawn status Lost status Source of classification or shelving scheme Damaged status Not for loan Collection code Home library Current library Date acquired Total Checkouts Full call number Barcode Date last seen Price effective from Koha item type
    Dewey Decimal Classification     Colección Infantil General Biblioteca Pública Metropolitana Salomé Ureña Biblioteca Pública Metropolitana Salomé Ureña 07/30/2024   BPMSU CGI 863.6 B173c 2006 BPMSU24070119 07/30/2024 07/30/2024 Libros